000 01015naa a22002897a 4500
001 BR8400179
003 BR-BrBNA
005 20240918175411.0
007 ta
008 230509b bl.||||| |||| 00| 0 por d
040 _aBR-BrBNA
_bpor
_cBiblioteca Nacional de Agricultura
041 _a(Pt)
072 _aP12
090 _aP12 BR8400179
100 1 _aFaria, R.T. de
245 1 _aIrrigacao e drenagem [varzea]
246 1 _a[Irrigation and drainage [lowlands]]
246 1 _a[Training in irrigated rice and agricultural alternatives in lowlands]
260 3 _aLondrina, PR (Brasil):
_c1983.
500 _aTreinamento em arroz irrigado e alternativas agricolas em varzeas Londrina, PR (Brasil): 1983. p. 33-57 (BR8400179-AM)P12
650 _aIRRIGACAO
650 _aDRENAGEM
650 _aVARZEA
773 0 _tTreinamento em arroz irrigado e alternativas agricolas em varzeas
_wP12 BR8400179
_gLondrina, PR (Brasil), 1983. p. 33-57
909 _a202404
_bLucia
_c55
_dLucia Elande
942 _cAM
_2AGRIS
999 _c316512
_d316512